Charlie y la fábrica de chocolate / (Registro nro. 11681)
[ vista simple ]
| 000 -LEADER | |
|---|---|
| fixed length control field | 01213cam a22003853a 4500 |
| 001 - CONTROL NUMBER | |
| control field | 0000753 |
| 003 - CONTROL NUMBER IDENTIFIER | |
| control field | DO-SdBNP |
| 005 - DATE AND TIME OF LATEST TRANSACTION | |
| control field | 20180223103943.0 |
| 007 - PHYSICAL DESCRIPTION FIXED FIELD--GENERAL INFORMATION | |
| fixed length control field | 0000753 |
| 008 - FIXED-LENGTH DATA ELEMENTS--GENERAL INFORMATION | |
| fixed length control field | 861112 2006 sp a 000 0 spa d |
| 010 ## - LIBRARY OF CONGRESS CONTROL NUMBER | |
| LC control number | |
| 020 ## - INTERNATIONAL STANDARD BOOK NUMBER | |
| International Standard Book Number | 8420464503 |
| 040 ## - CATALOGING SOURCE | |
| Original cataloging agency | BPMSU |
| Transcribing agency | spa |
| Modifying agency | BPMSU |
| -- | |
| 082 ## - DEWEY DECIMAL CLASSIFICATION NUMBER | |
| Classification number | 823.91 |
| Item number | D131c 2006 |
| 100 1# - MAIN ENTRY--PERSONAL NAME | |
| Personal name | Dahl, Roald, |
| Dates associated with a name | 1916-1990 |
| 240 1# - UNIFORM TITLE | |
| Uniform title | <a href="Charlie and the chocolate factory ">Charlie and the chocolate factory </a> |
| Language of a work | Español |
| 245 10 - TITLE STATEMENT | |
| Title | Charlie y la fábrica de chocolate / |
| Statement of responsibility, etc. | Roald Dahl ; ilustraciones Quentin Blake ; traducción Verónica Head |
| 250 ## - EDITION STATEMENT | |
| Edition statement | 66a. ed. |
| 260 ## - PUBLICATION, DISTRIBUTION, ETC. (IMPRINT) | |
| Place of publication, distribution, etc. | Madrid, España : |
| Name of publisher, distributor, etc. | Alfaguara, |
| Date of publication, distribution, etc. | 2006. |
| Name of publisher, distributor, etc. | |
| 300 ## - PHYSICAL DESCRIPTION | |
| Extent | 199 p. : |
| Other physical details | il. ; |
| Dimensions | 21 cm. |
| 490 0# - SERIES STATEMENT | |
| Series statement | Alfaguara juvenil |
| 500 ## - GENERAL NOTE | |
| General note | Incluye datos biográficos del autor. |
| 500 ## - GENERAL NOTE | |
| General note | Literatura para niños a partir de los 12 años. |
| 521 ## - TARGET AUDIENCE NOTE | |
| Target audience note | A partir de 12 años. |
| 600 00 - SUBJECT ADDED ENTRY--PERSONAL NAME | |
| Personal name | |
| General subdivision | |
| 650 ## - SUBJECT ADDED ENTRY--TOPICAL TERM | |
| Topical term or geographic name as entry element | NOVELA JUVENIL INGLESA |
| 650 ## - SUBJECT ADDED ENTRY--TOPICAL TERM | |
| Topical term or geographic name as entry element | LITERATURA JUVENIL INGLESA |
| 700 12 - ADDED ENTRY--PERSONAL NAME | |
| Personal name | Blake, Quentin |
| Relator term | il. |
| 700 12 - ADDED ENTRY--PERSONAL NAME | |
| Personal name | Head, Verónica |
| Relator term | trad. |
| 830 #0 - SERIES ADDED ENTRY--UNIFORM TITLE | |
| Uniform title | Alfaguara juvenil |
| 942 ## - ADDED ENTRY ELEMENTS (KOHA) | |
| Source of classification or shelving scheme | Dewey Decimal Classification |
| Koha item type | Libros |
| 945 ## - LOCAL PROCESSING INFORMATION (OCLC) | |
| a | Inventariado, 2018/LP |
| 956 ## - LOCAL ELECTRONIC LOCATION AND ACCESS (OCLC) | |
| Host name | YLOCKWARD |
| Access number | 10 |
| 956 ## - LOCAL ELECTRONIC LOCATION AND ACCESS (OCLC) | |
| Host name | VMATEO |
| Access number | 10 |
| Compression information | 20161110 |
| Path | BPMSU |
| Electronic name | 0069 |
| Withdrawn status | Lost status | Source of classification or shelving scheme | Damaged status | Not for loan | Collection code | Home library | Current library | Date acquired | Source of acquisition | Total Checkouts | Full call number | Barcode | Date last seen | Price effective from | Koha item type |
|---|---|---|---|---|---|---|---|---|---|---|---|---|---|---|---|
| Dewey Decimal Classification | Colección Juvenil General | Biblioteca Pública Metropolitana Salomé Ureña | Biblioteca Pública Metropolitana Salomé Ureña | 10/26/2016 | FUNDI | 823.91 D131c 2006 | BPMSU16100375 | 10/26/2016 | 10/26/2016 | Libros |